000 01366nam a2200409 c 4500
999 _c50848
_d50848
001 50848
003 ES-MaCES
005 20180716134432.0
008 180709s2018 us | | o000 | eng d
020 _a9780674979604 (alk. paper)
040 _aES-MaCES
_bspa
_cES-MaCES
100 1 _aPiore, Michael J.
_939208
245 1 0 _aRoot-cause regulation
_b: protecting work and workers in the Twenty-First Century
_cMichael J. Piore and Andrew Schrank
260 _aCambridge, MA
_aLondon
_bHarvard University Press
_c2018
300 _aXIV, 207 p.
_c25 cm
500 _aÍndices
504 _aBibliografía: p. 169-199
541 _cCompra
650 4 _aadministración del trabajo
_927213
650 4 _ainspección del trabajo
_928213
650 4 _acondiciones de trabajo
_928327
650 4 _aderechos de los trabajadores
_929924
650 4 _alegislación del trabajo
_927166
650 4 _aderecho del trabajo
_927165
650 4 _aEstados Unidos
_928373
650 4 _aFrancia
_926943
650 4 _aEspaña
_926964
650 4 _aAmérica Latina
_926882
650 4 _aestudio de casos
_928846
650 4 _acomparación
_928892
650 4 _arégimen jurídico
_929894
653 1 0 _aRelaciones laborales-Empleo
700 1 _939209
_aSchrank, Andrew
710 2 _aHarvard University
_94016
_eed.
902 _aLIB Libro
942 _2CES
_cBK
_h2.0.